Identification of somatic hybrids of dihaploid Solanum tuberosum lines and S. brevidens by species specific RAPD patterns and assessment of disease resistance of the hybrids (Record no. 60669)

MARC details
000 -LEADER
fixed length control field 00427nam a2200121Ia 4500
100 ## - MAIN ENTRY--AUTHOR NAME
Personal name Rokka V M
245 #0 - TITLE STATEMENT
Title Identification of somatic hybrids of dihaploid Solanum tuberosum lines and S. brevidens by species specific RAPD patterns and assessment of disease resistance of the hybrids
260 ## - PUBLICATION, DISTRIBUTION, ETC. (IMPRINT)
Name of publisher Euphytica
Year of publication 1994
300 ## - PHYSICAL DESCRIPTION
Number of Pages 207-218
650 ## - SUBJECT ADDED ENTRY--TOPICAL TERM
Topical Term RAPD
942 ## - ADDED ENTRY ELEMENTS (KOHA)
Koha item type Journals
Holdings
Withdrawn status Lost status Damaged status Not for loan Home library Current library Shelving location Date acquired Serial Enumeration / chronology Koha item type
      Journals RRII Library RRII Library RAPD 17/12/2021 Volume 80, Issue 3 Journals